F1 2009 Line-ups - Statistiques

Statistiques générales
  • Ce quiz a été pris 41 fois
  • Le résultat moyen est 14 sur 20
Statistiques - réponses
Team Nationality Driver % Correct
Finland Kimi Raïkkönen
97%
Vodafone McLaren Mercedes United Kingdom Lewis Hamilton
97%
Renault F1 Team Spain Fernando Alonso
91%
Germany Sebastian Vettel
91%
Scuderia Ferrari Marlboro Brazil Felipe Massa
88%
Brawn GP Formula One Team United Kingdom Jenson Button
88%
Red Bull Racing Australia Mark Webber
85%
BMW Sauber Poland Robert Kubica
79%
Panasonic Toyota Racing Italy Jarno Trulli
65%
Brazil Nelson Piquet Jr.
65%
Switzerland Sébastien Buemi
65%
Brazil Rubens Barrichello
62%
Finland Heikki Kovalainen
59%
AT&T Williams Germany Nico Rosberg
59%
Scuderia Toro Rosso France Sébastien Bourdais
59%
Italy Giancarlo Fisichella
56%
Germany Nick Heidfeld
53%
Force India F1 Team Germany Adrian Sutil
50%
Germany Timo Glock
47%
Japan Kazuki Nakajima
38%
Aucun quiz correspondant
Distribution des résultats
% des personnes avec chaque résultat
Percentile par nombre de réponses
Votre historique - résultats
Vous n’avez pas pris ce quiz